Data Communication and Computer Networks (Record no. 585)

MARC details
000 -LEADER
Fixed length control field 00467nam a2200169 4500
003 - CONTROL NUMBER IDENTIFIER
Control field SEACOMMC
005 - DATE AND TIME OF LATEST TRANSACTION
Control field 20250424125437.0
008 - FIXED-LENGTH DATA ELEMENTS--GENERAL INFORMATION
Fixed length control field 240921b |||||||| |||| 00| 0 eng d
020 ## - INTERNATIONAL STANDARD BOOK NUMBER / ISBN
International Standard Book Number 81-2591-597-4
Price Rs.250.00
040 ## - CATALOGING SOURCE
Original cataloging agency SEACOMMC
082 ## - DEWEY DECIMAL CLASSIFICATION NUMBER
Classification number 004.6
Book Number A 277
100 ## - MAIN ENTRY--PERSONAL NAME
Personal name Agrawal, Rajneesh
245 1# - TITLE STATEMENT
Title Data Communication and Computer Networks
Statement of responsibility Rajneesh Agrawal,B.B. Tiwari
260 ## - IMPRINT
Place of publication New Delhi
Name of publisher Vikas
Date of publication 2006
650 ## - SUBJECT ADDED ENTRY--TOPICAL TERM
Topical term Computer science
942 ## - ADDED ENTRY ELEMENTS (KOHA)
Koha item type Books
Holdings
Withdrawn status Lost status Source of classification Damaged status Not for loan Home library Current library Shelving location Date acquired Total Checkouts Call number Accession number Date last seen Price effective from Koha item type Copy number
    Dewey Decimal Classification     SEACOM MANAGEMENT COLLEGE SEACOM MANAGEMENT COLLEGE Reference 28/09/2007   004.6 277 M-284 21/09/2024 21/09/2024 Reference Books  
    Dewey Decimal Classification     SEACOM MANAGEMENT COLLEGE SEACOM MANAGEMENT COLLEGE   28/09/2007   004.6 277 M-285 21/09/2024 21/09/2024 Books 1
    Dewey Decimal Classification     SEACOM MANAGEMENT COLLEGE SEACOM MANAGEMENT COLLEGE   07/11/2007   004.6 A 277 M-741 30/10/2024 30/10/2024 Books 2
    Dewey Decimal Classification     SEACOM MANAGEMENT COLLEGE SEACOM MANAGEMENT COLLEGE   07/11/2007   004.6 A 277 M-742 30/10/2024 30/10/2024 Books 3
    Dewey Decimal Classification     SEACOM MANAGEMENT COLLEGE SEACOM MANAGEMENT COLLEGE   07/11/2007   004.6 A 277 M-743 30/10/2024 30/10/2024 Books 4
    Dewey Decimal Classification     SEACOM MANAGEMENT COLLEGE SEACOM MANAGEMENT COLLEGE   07/11/2007   004.6 A 277 M-744 30/10/2024 30/10/2024 Books 5
© Seacom Engineering College, All rights reserved.    Powered by Koha